Top Ten Exporters of Integrated Circuits in 1501 AD - Statistics

General Stats
  • This quiz has been taken 746 times
  • The average score is 3 of 10
Answer Stats
# Exported Nation % Correct
0 France
84%
0 Ottoman Empire
63%
0 Holy Roman Empire
49%
0 Aztec Empire
39%
0 Aq Qoyunlu Persia
32%
0 Bengal Sultanate
12%
0 Polish-Lithuanian Union
12%
0 Majapahit Empire
11%
0 Kalmar Union
4%
0 Vijayanagara Empire
3%
No matching quizzes found
Score Distribution
Percent of People with Each Score
Percentile by Number Answered
Your Score History
You have not taken this quiz